Modern Social Thinker (Record no. 32970)

MARC details
000 -LEADER
fixed length control field 00409nam a2200181Ia 4500
008 - FIXED-LENGTH DATA ELEMENTS--GENERAL INFORMATION
fixed length control field 220531s9999 xx 000 0 und d
041 ## - LANGUAGE CODE
Language code of text/sound track or separate title eng
082 ## - DEWEY DECIMAL CLASSIFICATION NUMBER
Item number BAS
100 ## - MAIN ENTRY--PERSONAL NAME
Personal name Basu,pradip
9 (RLIN) 57307
245 ## - TITLE STATEMENT
Title Modern Social Thinker
250 ## - EDITION STATEMENT
Edition statement 1
260 ## - PUBLICATION, DISTRIBUTION, ETC. (IMPRINT)
Place of publication, distribution, etc. Pune
Name of publisher, distributor, etc. Setu
Date of publication, distribution, etc. 2012
300 ## - PHYSICAL DESCRIPTION
Extent 358
542 ## - INFORMATION RELATING TO COPYRIGHT STATUS
Copyright holder 31-07-2012
650 ## - SUBJECT ADDED ENTRY--TOPICAL TERM
Topical term or geographic name as entry element Sociology
9 (RLIN) 57308
906 ## - LOCAL DATA ELEMENT F, LDF (RLIN)
d 2012-2013
Holdings
Withdrawn status Lost status Source of classification or shelving scheme Damaged status Not for loan Collection code Home library Current library Date acquired Vendor Cost, normal purchase price Total Checkouts Total Holds Full call number Barcode Date last seen Bill Date Koha item type Original Barcode
    Dewey Decimal Classification       Shri Siddhivinayak Mahila Mahavidyalaya Shri Siddhivinayak Mahila Mahavidyalaya 31/07/2012 Sugawa 325.00   1 /BAS/B/13971 SSMM-BK-13971 06/08/2022 06/08/2022 Books 010013971